000 02159nam a2200265Ia 4500
003 OSt
005 20250811120411.0
008 220909b |||||||| |||| 00| 0 eng d
020 _a8126508132
037 _cTextual
040 _aCSL
_beng
_cCSL
041 _aeng
084 _aC211 P3
_qCSL
100 _aCallister, William D.
_cJr.
_9817654
245 0 _aMaterials science and engineering
_b: An introduction
250 _a6th ed.
260 _aIndia:
_bJohn Wiley & Sons,
_c2003.
300 _axxi, 820p.
_b: ill.
500 _aAppendix A-E 735-775p.; Glossary 776-790p.;Index 797-820p.
520 _aBuilding on the extraordinary success of five best-selling editions, Bill Callister's new Sixth Edition of Materials Science and Engineering: An Introduction continues to promote student understanding through clear and concise writing and familiar terminology that is not beyond student comprehension. Topics are organized and explained in an approachable manner, so that even instructors who do not have a strong materials background can teach from this user-friendly text. · Atomic Structure and Inter-atomic Bonding · The Structure of Crystalline Solids · Imperfections in Solids · Diffusion · Mechanical Properties of Metals · Dislocations and Strengthening Mechanisms · Failure · Phase Diagrams · Phase Transformations in Metals: Development of Microstructure and Alteration of Mechanical Properties · Thermal Processing of Metal Alloys · Metals Alloys · Structures and Properties of Ceramics · Applications and Processing of Ceramics · Polymer Structures · Characteristics, Applications, and Processing of Polymers · Composites · Corrosion and Degradation of Materials · Electrical Properties · Thermal Properties · Magnetic Properties · Optical Properties · Materials Selection and Design Considerations · Economic, Environmental, and Societal Issues in Materials Science and Engineering
650 _a Material science
_9817655
650 _aPhysics
942 _hC211 P3
_cTEXL
_2CC
_n0
999 _c29311
_d29311